| 000 | 00483 a2200169 4500 | ||
|---|---|---|---|
| 001 | 189426 | ||
| 020 | _a978-85-7631-291-8 | ||
| 040 | _cMagnum | ||
| 100 | _aFundação Alexandre de Gusmão | ||
| 240 | 1 | 0 |
_aA geopolítica das drogas _lpor |
| 245 | 1 | 0 | _aA geopolítica das drogas |
| 300 | _a76 | ||
| 362 | 0 | _a2010 | |
| 440 | 1 | _aFundação Alexandre de Gusmão | |
| 697 | _aRELALÇÕES INTERNACIONAIS, POLÍTICA MUNDIAL. POLÍTICA INTERNACIONAL. POLÍTICA EXTERNA | ||
| 942 | _cBK | ||
| 999 |
_c189426 _d189426 |
||